| 000 | 00923nas a2200313 4500 | ||
|---|---|---|---|
| 001 | BR9705281 | ||
| 003 | BR-BrBNA | ||
| 005 | 20231205100623.0 | ||
| 007 | ta | ||
| 008 | 230509b bl.|||p| |||| 00| 00por d | ||
| 040 |
_aBR-BrBNA _bpor _cBiblioteca Nacional de Agricultura |
||
| 041 | _a(Pt) | ||
| 072 | _aL73 | ||
| 100 | 1 | _aLabruna, M.B. | |
| 100 | 1 | _aLeite, R.C. | |
| 100 | 1 | _aResende, J.S. | |
| 100 | 1 | _aFernandes, A.A. | |
| 100 | 1 | _aMartins, N.R.S. | |
| 245 | 1 | _aFalha na transmissao de Borrelia anserina pelo Amblyomma cajennense (Acari: Ixodidae) | |
| 650 | _aCarrapato | ||
| 650 | _aGalinha | ||
| 650 | _aEspiroquetose | ||
| 650 | _aVetor | ||
| 650 | _aLarva | ||
| 650 | _aLaboratorio | ||
| 773 | 0 |
_tArquivo Brasileiro de Medicina Veterinaria e Zootecnia (Brazil) _xISSN 0102-0935 _g(Aug 1997), v. 49(4) p. 499-503 _wBR9705281 |
|
| 909 |
_a202311 _bLúcia _c55 _dLúcia Elande |
||
| 942 |
_2AGRIS _n0 _cANA |
||
| 999 |
_c157050 _d157050 |
||